Tintin in Spanish Quiz Stats

 Plays Quiz not verified by Sporcle

Also try: ASOIAF House Match
Challenge
Share
Tweet
Score 0/24 Timer 05:00
0 Plays Today
Spanish Title English Title % Correct
La Isla NegraThe Black Island
81.3%
El Secreto del UnicornioThe Secret of the Unicorn
81.3%
Tintín en AmericaTintin in America
78.1%
Tintín en el TibetTintin in Tibet
78.1%
Tintín en el CongoTintin in the Congo
71.9%
El Loto AzulThe Blue Lotus
59.4%
Tintín y los PícarosTintin and the Picaros
59.4%
La Oreja RotaTintin and the Broken Ear
56.3%
Las Siete Bolas de CristalThe Seven Crystal Balls
53.1%
Objetivo: La LunaDestination Moon
53.1%
El Templo del SolPrisoners of the Sun
50%
El Cangrejo de las Pinzas de OroThe Crab with the Golden Claws
43.8%
Spanish Title English Title % Correct
El Tesoro de Rackham el RojoRed Rackham's Treasure
43.8%
Tintín en el País del Oro NegroLand of Black Gold
43.8%
Aterrizaje en la LunaExplorers on the Moon
43.8%
Las Joyas de la CastafioreThe Castafiore Emerald
43.8%
Vuelo 714 para SídneyFlight 714 to Sydney
43.8%
Tintín en el País de los SovietsTintin in the Land of the Soviets
43.8%
Los Cigarros del FaraonCigars of the Pharaoh
40.6%
La Estrella MisteriosaThe Shooting Star
37.5%
El Cetro de OttokarKing Ottokar's Sceptre
34.4%
El Asunto TornasolThe Calculus Affair
31.3%
Stock de CoqueThe Red Sea Sharks
31.3%
Tintín y el Arte-AlfaTintin and Alph-Art
28.1%

You're not logged in!

Compare scores with friends on all Sporcle quizzes.
Join for Free
OR
Log In

You Might Also Like...

Show Comments

Extras

Top Quizzes Today


Score Distribution

Your Account Isn't Verified!

In order to create a playlist on Sporcle, you need to verify the email address you used during registration. Go to your Sporcle Settings to finish the process.

Report this User

Report this user for behavior that violates our Community Guidelines.

Details: